Poems From Sisyphus' Rock/ (Record no. 202060)

MARC details
000 -LEADER
fixed length control field 00442nam a22001817a 4500
005 - DATE AND TIME OF LATEST TRANSACTION
control field 20240911125643.0
010 ## - LCCN (DPL NO)
LC control number ENG-140116
020 ## - INTERNATIONAL STANDARD BOOK NUMBER
Terms of availability 250.00
International Standard Book Number 9788194998501
035 ## - SYSTEM CONTROL NUMBER
System control number EN-123648
037 ## - SOURCE OF ACQUISITION
Source of stock number/acquisition DBAD
082 ## - DEWEY DECIMAL CLASSIFICATION NUMBER
Classification number 881
100 ## - MAIN ENTRY--PERSONAL NAME
Personal name Ghoshal, Aishee
245 ## - TITLE STATEMENT
Title Poems From Sisyphus' Rock/
Statement of responsibility, etc By Aishee Ghoshal
250 ## - EDITION STATEMENT
Edition statement 1
260 ## - PUBLICATION, DISTRIBUTION, ETC. (IMPRINT)
Date of publication, distribution, etc 2021
300 ## - PHYSICAL DESCRIPTION
Extent 78p.
Dimensions 22(hb)
942 ## - ADDED ENTRY ELEMENTS (KOHA)
Source of classification or shelving scheme Dewey Decimal Classification
Item type English Books
Classification part 881
Call number suffix GHO
Holdings
Withdrawn status Lost status Not for loan Collection code Home library Current library Date acquired Source of acquisition Cost, normal purchase price Full call number Barcode Copy number Cost, replacement price Koha item type
      Fiction Shahdara Branch Shahdara Branch 10/04/2024 DBAD 250.00 881 GHO EN-123648 1 250.00 English Books

© Delhi Public Library
Hit Counter
free hit counter